000 00595nam a2200229Ia 4500
999 _c35535
_d35535
001 1396
003 GE_BSU
005 20221115114541.0
008 181216s2006||||enk|||||||||||||| ||eng||
020 _a1587052393x
040 _cGE_BSU
041 _aeng
080 _a004 C-27
100 _aCarter, Ear
_915819
245 _aIntrusion Prerention Fundamentals /
_cCarter, Earl; Jonathan,Hogue.
264 _c2006.
300 _a287 p.
653 _aIntrusion Prerention Fundamentals.
653 _aინფორმატიკა
700 _aHogue, Jonathan
_9682
942 _cBK
_2udc